| 000 | 01106nas a2200301 4500 | ||
|---|---|---|---|
| 001 | BR8501302 | ||
| 003 | BR-BrBNA | ||
| 005 | 20231205090139.0 | ||
| 007 | ta | ||
| 008 | 230509b bl.|||p| |||| 00| 00por d | ||
| 040 |
_aBR-BrBNA _bpor _cBiblioteca Nacional de Agricultura |
||
| 041 | _a(Pt) | ||
| 072 | _aL72; L73 | ||
| 100 | 1 | _aMadruga, C.R. | |
| 100 | 1 | _aKessler, R.H. | |
| 100 | 1 | _aGomes, A. | |
| 100 | 1 | _aSchenk, M.A.M. | |
| 100 | 1 | _aAndrade, D.F. de | |
| 245 | 1 | _aNiveis de anticorpos e parasitemia de Anaplasma marginale em area enzootica, nos bezerros da raca Nelore, Ibage e cruzamentos de Nelore [Mato Grosso do Sul, Brasil] | |
| 246 | 1 | _aAntibody levels and parasitemia of Anaplasma marginale in enzootic area in Nelore, Ibage and crossbred Nelore calves [Mato Grosso do Sul, Brazil] | |
| 650 | _aBEZERRO | ||
| 650 | _aANAPLASMOSE | ||
| 650 | _aANTICORPO | ||
| 650 | _aMATO GROSSO DO SUL | ||
| 773 | 0 |
_tPesquisa Agropecuaria Brasileira (Brazil) _xISSN 0100-204X _g(Jan 1985), v. 20(1) p. 135-142 _wBR8501302 |
|
| 909 |
_a202311 _bLúcia _c55 _dLúcia Elande |
||
| 942 |
_2AGRIS _n0 _cANA |
||
| 999 |
_c116403 _d116403 |
||